• 首页
  • 本馆介绍
  • 公告通知
  • 最新文献
  • 馆藏检索
  • 电子资源
  • 读者导购
  • 参考咨询
  • 我的图书馆
  • 登录
  • 详细信息显示
  • 放入我的书架
  • 预约/预借图书
  • 作者相关作品
  • 分类相关作品
  • 丛书相关作品
  • 出版社相关作品

书目信息

  • 表格格式
  • 工作单格式
  • 卡片格式
题名:
马克思主义与中华文化研究
    
 
作者: 朱喆 主编
分册: 2019年第2期 /总第2期  
出版信息: 北京   社会科学文献出版社·政法传媒分社  2020
页数: 194页
开本: 24cm
丛书名:
单 册:
中图分类: D61 , G12
科图分类:
主题词: 马克思主义--ma ke si zhu yi--发展--研究--中国 , 中华文化--zhong hua wen hua--研究
电子资源:
ISBN: 978-7-5201-5939-5
000 01158nam0 2200265 450
001 2159223072
005 20210926145236.0
010    @a978-7-5201-5939-5@dCNY69.00
100    @a20200611d2020 ekmy0chiy0120 ea
101 0  @achi@eeng
102    @aCN@b110000
105    @ay z 000yy
106    @ar
200 1  @a马克思主义与中华文化研究@Ama ke si zhu yi yu zhong hua wen hua yan jiu@h2019年第2期 /总第2期@dMarxism and the study of Chinese culture@h2019, Vol.2@f朱喆主编@zeng
210    @a北京@c社会科学文献出版社·政法传媒分社@d2020
215    @a194页@d24cm
330    @a本书是由武汉理工大学马克思主义学院主办的专业学术集刊,主要研究马克思主义文化理论、中国化马克思主义文化理论、马克思主义与中华优秀传统文化创造性转化创新性发展、红色文化、区域文化、文化史、马克思主义文化与社会科学、海外中国文化、国外马克思主义文化理论等。
510 1  @aMarxism and the study of Chinese culture@h2019, Vol.2@zeng
606 0  @a马克思主义@Ama ke si zhu yi@x发展@x研究@y中国
606 0  @a中华文化@Azhong hua wen hua@x研究
690    @aD61@v5
690    @aG12@v5
701  0 @a朱喆@Azhu zhe@4主编
801  0 @aCN@b百万庄@c20210925
905    @b1298376-79@dD61@e285@f4
    
    马克思主义与中华文化研究.2019年第2期 /总第2期=Marxism and the study of Chinese culture.2019, Vol.2/朱喆主编.-北京:社会科学文献出版社·政法传媒分社,2020
    194页;24cm
    
    
    ISBN 978-7-5201-5939-5:CNY69.00
    本书是由武汉理工大学马克思主义学院主办的专业学术集刊,主要研究马克思主义文化理论、中国化马克思主义文化理论、马克思主义与中华优秀传统文化创造性转化创新性发展、红色文化、区域文化、文化史、马克思主义文化与社会科学、海外中国文化、国外马克思主义文化理论等。
●
相关链接 在E读中查询图书 在五车中查询图书 在当当中查询图书 在豆瓣中查询图书


正题名:马克思主义与中华文化研究     索取号:D61/285         预约/预借

序号 登录号 条形码 馆藏地/架位号 状态 备注
1 1298376   212983761   第一样本阅览室/ [索取号:D61/285] 在馆    
2 1298377   212983770   第一借阅区/ [索取号:D61/285] 在馆    
3 1298378   212983789   第一借阅区/ [索取号:D61/285] 在馆    
4 1298379   212983798   第一借阅区/ [索取号:D61/285] 在馆    
唐山师范学院图书馆 欢迎您!
大连网信软件有限公司© 版权所有